000 00433nam a22001457a 4500
005 20250903124829.0
008 250903b |||||||| |||| 00| 0 eng d
020 _a1564767116
050 _aBV 4528
_b.15 COO
100 _aCOOPER,DARIEN B
245 _aYOU CAN BE THE WIFE OF HAPPY HUSBAND;
_bBy Discovering the Key to Marital Success
260 _aCOLORADO
_bSP PUBLICATIONS,INC.
_cc1974
300 _bills;
_a170p.;
942 _2lcc
_cBK
999 _c7450
_d7450